000 01337nam0a22002891 4500
001 rc\72429
005 20050418142451.1
035 _a(NLR Aleph) 008749748
090 _a9563880
_c9563880
100 _a20021216d1991 u |0rusy50 ca
101 0 _arus
102 _aRU
105 _ay |||||||||
200 1 _aСБОРНИК задач по экономике энергетики
_f[А.В. Коваленко, В.М. Кукасьян, Л.В. Пелевина и др.]
_gПод ред. Н.Н. Рупышевой
_gГос. ком. РСФСР по делам науки и высш. шк. Новочеркас. политехн. ин-т им. Серго Орджоникидзе
210 _aНовочеркасск
_cНовочеркасск. политехн. ин-т
_d1991
215 _a104 с.
_d20
320 _aБиблиогр.: с. 103
606 1 _aЭнергетика
_jЗадачники
_2nlr_sh1
701 1 _aКоваленко
_bА. В.
702 1 _aРупышева
_bН. Н.
_gНина Николаевна
_4340
712 0 2 _aНовочеркасский политехнический ин-т им. Серго Орджоникидзе
_3RU\NLR\AUTH\8818046
801 0 _aRU
_bNLR
_gpsbo
801 1 _aRU
_bELAR
_2rusmarc
801 2 _aRU
_bNLR
_c20050418
_2rusmarc
852 _aNLR
_j92-3/3718
942 _cBOOK
980 _aNB